| 000 | 00422nam a22001697a 4500 | ||
|---|---|---|---|
| 003 | LK-CoDNM | ||
| 005 | 20240815122149.0 | ||
| 008 | 240815b |||||||| |||| 00| 0 eng d | ||
| 040 |
_aLK-CoDNM _dLK-CoDNM _eLK-CoDNM |
||
| 080 |
_a9 _bM5 |
||
| 100 | _aKumarappa,Bharatan | ||
| 245 | _aThe Hindu Conception of the Deity | ||
| 260 |
_blondon _c1934 |
||
| 300 | _axi, 356p. :; 23 cm | ||
| 700 | _aBarnett,LD | ||
| 942 | _cBK | ||
| 999 |
_c147963 _d147963 |
||